Normal view
MARC view
- Linguistics Theoretical approaches
Entry Topical Term
001 - CONTROL NUMBER
- control field: 129675
003 - CONTROL NUMBER IDENTIFIER
- control field: NUST
005 - DATE AND TIME OF LATEST TRANSACTION
- control field: 20250710162512.0
008 - FIXED-LENGTH DATA ELEMENTS
- fixed length control field: 250710|| aca||aabn | a|a d
040 ## - CATALOGING SOURCE
- Original cataloging agency: NUST
- Transcribing agency: NUST
150 ## - HEADING--TOPICAL TERM
- Topical term or geographic name entry element: Linguistics Theoretical approaches
670 ## - SOURCE DATA FOUND
- Source citation: Work cat.: (NUST): Kamal,dr Muhammad Ashraf 129674, Lasaniat or Zaban ki Tashkeel/, 2019.
